Alle Neustadts in Deutschland - Statistiken

Allgemein
  • Dieses Quiz wurde 130 mal gespielt
  • Das Durchschnittsergebnis liegt bei 5 aus 18
Antwortstatistiken
Stadt/Gemeinde % Korrekt
Neustadt an der Weinstraße
77%
Neustadt an der Waldnaab
58%
Neustadt am Rübenberge
50%
Neustadt an der Aisch
47%
Neustadt in Holstein
44%
Bad Neustadt an der Saale
42%
Neustadt an der Donau
32%
Neustadt in Sachsen
29%
Neustadt am Main
27%
Neustadt bei Coburg
23%
Neustadt (Hessen)
21%
Neustadt an der Orla
17%
Neustadt (Dosse)
14%
Neustadt-Glewe
14%
Neustadt am Kulm
11%
Neustadt/Vogtland
7%
Neustadt (Wied)
7%
Neustadt/Westerwald
6%
Keine übereinstimmenden Quizze gefunden
Verteilung der Resultate
Anzahl Personen mit jedem Resultat
Perzentil nach korrekt beantworteten Fragen
Ihre Resultats-Entwicklung
Sie haben dieses Quiz noch nicht gespielt